Elegía de los vencidos / (Record no. 195540)

MARC details
000 -LEADER
campo de control de longitud fija 01342nam a2200325 i 4500
001 - NÚMERO DE CONTROL
campo de control 195540
003 - IDENTIFICADOR DE NÚMERO DE CONTROL
campo de control SpMaBN
005 - FECHA Y HORA DE LA ÚLTIMA TRANSACCIÓN
campo de control 20241011180929.0
007 - CAMPO FIJO DE DESCRIPCIÓN FÍSICA--INFORMACIÓN GENERAL
campo de control de longitud fija ta
008 - DATOS DE LONGITUD FIJA--INFORMACIÓN GENERAL
campo de control de longitud fija 240621s1978 sp | ||| ||spa
016 7# - NÚMERO DE CONTROL DE UNA AGENCIA BIBLIOGRÁFICA NACIONAL
Número de control del registro bimoBNE19981010709
Fuente SpMaBN
035 ## - NÚMERO DE CONTROL DEL SISTEMA
Número de control de sistema (OCoLC)431414239
035 ## - NÚMERO DE CONTROL DEL SISTEMA
Número de control de sistema bimo0000857690
040 ## - FUENTE DE CATALOGACIÓN
Centro catalogador/agencia de origen SpMaBN
Lengua de catalogación spa
Centro/agencia transcriptor SpMaBN
Normas de descripción rdc
Centro/agencia modificador ES-MaACL
100 1# - ENTRADA PRINCIPAL--NOMBRE DE PERSONA
Nombre de persona Acacio, Jesús
Número de control del registro de autoridad o número normalizado XX1100904
9 (RLIN) 237164
245 10 - MENCIÓN DEL TÍTULO
Título Elegía de los vencidos /
Mención de responsabilidad, etc. Jesús Acacio.
260 ## - PUBLICACIÓN, DISTRIBUCIÓN, ETC.
Lugar de publicación, distribución, etc. [S.l. :
Nombre del editor, distribuidor, etc. s.n.],
Fecha de publicación, distribución, etc. 1978.
Lugar de fabricación/manufactura Torino,
Fabricante Centrostampa della Democrazia Cristiana.
300 ## - DESCRIPCIÓN FÍSICA
Extensión [66] p. ;
Dimensiones 29 cm
336 ## - TIPO DE CONTENIDO
Fuente rdacontent
Término de tipo de contenido texto
337 ## - TIPO DE MEDIO
Fuente rdamedia
Nombre/término del tipo de medio sin mediación
338 ## - TIPO DE SOPORTE
Fuente rdacarrier
Nombre/término del tipo de soporte volumen
500 ## - NOTA GENERAL
Nota general Dedicatoria del autor: "Para Antonio Buero, maestro de escritores, con mi sincera amistad".
655 #7 - TERMINO DE INDIZACIÓN--GENERO/FORMA
Fuente del término tgfbne
9 (RLIN) 176539
Datos o término principal de género/forma Poesías
852 ## - LOCALIZACIÓN
Ubicación ES-MaACL
Ubicación en estantería Depósito folletos
Número de control de estantería FOLL-BUE-7
Anotaciones manuscritas Dedicatoria manuscrita del autor, Jesús Acacio, para Antonio Buero Vallejo en portada: "Para Antonio Buero, maestro de escritores, con mi sincera amistad. [Rúbrica]".
Donativo/Legado Legado: Antonio Buero Vallejo
itemnumber 203741
903 ## - NOMBRE PERSONAL DE DONANTE
9 32421
a Buero Vallejo, Antonio,
q 1
d 1916-2000
e Donante
942 ## - ELEMENTOS DE ENTRADA SECUNDARIOS (KOHA)
Suprimir en OPAC No
Tipo de ítem Koha Folleto
Holdings
Estatus retirado Estado de pérdida Fuente del sistema de clasificación o colocación Estado de daño No para préstamo Colección Biblioteca de origen Biblioteca actual Ubicación en estantería Fecha de adquisición Fuente de adquisición Total de préstamos Signatura topográfica completa Código de barras Visto por última vez Precio de reemplazo Tipo de ítem Koha Nota pública
    Clasificación decimal universal     Libros con dedicatorias Biblioteca del Ateneo de Madrid Biblioteca del Ateneo de Madrid Depósito folletos 21/06/2024 Legado   FOLL-BUE-7 101228610 21/06/2024 21/06/2024 Folleto Dedicatoria manuscrita del autor, Jesús Acacio, para Antonio Buero Vallejo.